[Event "2. Bundesliga West 2011/12"]
[Site "Salzburg"]
[Date "2012.03.10"]
[Round "10"]
[Board "5"]
[White "Csrnko, Werner"]
[Black "Herrmann, Michael"]
[Result "0-1"]
[WhiteElo "1935"]
[BlackElo "2118"]
[PlyCount "78"]
[EventDate "2011.10.07"]
[EventType "team"]
[EventRounds "11"]
[EventCountry "AUT"]
[WhiteTeam "Zillertal"]
[BlackTeam "ASK Salzburg"]

1. c4 e6 2. g3 d5 3. Bg2 Nf6 4. Nf3 Be7 5. O-O O-O 6. b3 c5 7. Bb2 Nc6 8. d3 d4
9. Na3 e5 10. Nd2 Be6 11. Nc2 Qd7 12. Ne4 Nxe4 13. Bxe4 f5 14. Bg2 f4 15. Ne1
Kh8 16. Nf3 Bh3 17. Nd2 Rf6 18. f3 fxg3 19. hxg3 Rh6 20. Ne4 Bf5 21. Bc1 Rg6
22. Kf2 Bxe4 23. dxe4 Rf8 24. Rh1 Qg4 25. Rh3 Qxe4 26. Qh1 h6 27. f4 Qf5 28.
Be4 Qg4 29. f5 Rxf5+ 30. Ke1 Bg5 31. Bxf5 Qxf5 32. Bxg5 Rxg5 33. Kd2 Nb4 34.
Rc1 e4 35. Rf1 Qe5 36. Rc1 Qf5 37. Rxh6+ gxh6 38. Qxh6+ Kg8 39. Rh1 e3+ 0-1

[Event "2. Bundesliga West 2011/12"]
[Site "Salzburg"]
[Date "2012.03.10"]
[Round "10"]
[Board "6"]
[White "Usleber, Helmut"]
[Black "Kroell, Stefan"]
[Result "1-0"]
[WhiteElo "2038"]
[BlackElo "1748"]
[PlyCount "81"]
[EventDate "2011.10.07"]
[EventType "team"]
[EventRounds "11"]
[EventCountry "AUT"]
[WhiteTeam "ASK Salzburg"]
[BlackTeam "Zillertal"]

1. e4 c5 2. c3 g6 3. d4 Qc7 4. dxc5 Qxc5 5. Be3 Qc7 6. Na3 a6 7. Nc4 Nc6 8. Nb6
Rb8 9. Nd5 Qe5 10. Bd3 Bh6 11. f4 Qd6 12. b4 Nd8 13. Ba7 Ra8 14. Bc5 Qc6 15.
Nf3 d6 16. Nd4 Qxd5 17. exd5 dxc5 18. bxc5 Bxf4 19. Qa4+ Bd7 20. c6 bxc6 21.
dxc6 Nxc6 22. Nxc6 Be5 23. O-O Bxc3 24. Rac1 Bd2 25. Rc2 Be3+ 26. Kh1 Bg5 27.
Qb3 Nf6 28. Bc4 e6 29. Bxa6 O-O 30. Bb5 Kg7 31. a4 Nd5 32. Re2 Rac8 33. Nb4
Bxb5 34. axb5 Rc3 35. Qb2 Bf6 36. Nxd5 Rf3 37. Qb1 Rxf1+ 38. Qxf1 exd5 39. b6
Rb8 40. Qb1 d4 41. b7 1-0

[Event "2. Bundesliga West 2011/12"]
[Site "Salzburg"]
[Date "2012.03.10"]
[Round "10"]
[Board "1"]
[White "Schmidt, Georg"]
[Black "Levushkina,  Elena"]
[Result "1/2-1/2"]
[WhiteElo "2368"]
[BlackElo "2310"]
[PlyCount "83"]
[EventDate "2011.10.07"]
[EventType "team"]
[EventRounds "11"]
[EventCountry "AUT"]
[WhiteTeam "Rochade Rum"]
[BlackTeam "Kufstein / Woergl 2"]

1. d4 d5 2. Bf4 Nf6 3. e3 c5 4. Nc3 e6 5. Nb5 Na6 6. dxc5 Bxc5 7. a3 O-O 8. b4
Be7 9. Bd3 Bd7 10. Be5 Bxb5 11. Bxb5 Ne4 12. Ne2 Bf6 13. Qd4 Bxe5 14. Qxe5 Qd6
15. Qxd6 Nxd6 16. Bd3 Nb8 17. f3 Nd7 18. Ng3 Rac8 19. e4 d4 20. Ne2 e5 21. c3
dxc3 22. Rc1 Rfd8 23. Rxc3 Nf8 24. Rxc8 Rxc8 25. Kd2 Ne6 26. Ke3 Kf8 27. g3 Ke7
28. Rd1 g5 29. Rh1 h6 30. h4 Nc4+ 31. Bxc4 Rxc4 32. hxg5 hxg5 33. Kd3 Rc6 34.
Rb1 Rd6+ 35. Ke3 Nd4 36. Nxd4 Rxd4 37. Rc1 Rd7 38. Rc8 Ke6 39. Rg8 Kf6 40. Rc8
Ke6 41. Rg8 Kf6 42. Rc8 1/2-1/2

[Event "2. Bundesliga West 2011/12"]
[Site "Salzburg"]
[Date "2012.03.10"]
[Round "10"]
[Board "2"]
[White "Rusche, Johannes"]
[Black "Panteleev, Petar"]
[Result "1/2-1/2"]
[WhiteElo "2233"]
[BlackElo "2347"]
[PlyCount "30"]
[EventDate "2011.10.07"]
[EventType "team"]
[EventRounds "11"]
[EventCountry "AUT"]
[WhiteTeam "Kufstein / Woergl 2"]
[BlackTeam "Rochade Rum"]

1. e4 e5 2. Nf3 Nc6 3. Bb5 Nf6 4. O-O Nxe4 5. d4 Nd6 6. Bxc6 dxc6 7. dxe5 Nf5
8. Qxd8+ Kxd8 9. Nc3 Ke8 10. h3 h5 11. Bf4 Be7 12. Rad1 Nh4 13. Nd4 Nf5 14. Nf3
Nh4 15. Nd4 Nf5 1/2-1/2

[Event "2. Bundesliga West 2011/12"]
[Site "Salzburg"]
[Date "2012.03.10"]
[Round "10"]
[Board "3"]
[White "Heinzel, Olaf"]
[Black "Blaskowski, Johannes"]
[Result "1/2-1/2"]
[WhiteElo "2347"]
[BlackElo "2303"]
[PlyCount "133"]
[EventDate "2011.10.07"]
[EventType "team"]
[EventRounds "11"]
[EventCountry "AUT"]
[WhiteTeam "Rochade Rum"]
[BlackTeam "Kufstein / Woergl 2"]

1. Nf3 c5 2. c4 Nf6 3. d4 cxd4 4. Nxd4 g6 5. Nc3 Bg7 6. e4 O-O 7. Be2 Nc6 8.
Be3 Nxd4 9. Bxd4 d6 10. O-O b6 11. f3 Bb7 12. a4 e6 13. a5 bxa5 14. Qd2 Bc6 15.
Rfd1 Qc7 16. Nb5 Bxb5 17. cxb5 d5 18. Rdc1 Qd8 19. e5 Nd7 20. Qe3 Nb6 21. b3
Re8 22. f4 Bf8 23. Rc6 Bb4 24. Rac1 Rb8 25. g3 Rb7 26. Kg2 Qd7 27. R1c2 Rd8 28.
Qc1 Qe7 29. h4 h5 30. Qd1 Kf8 31. Bxh5 gxh5 32. Qxh5 Ke8 33. f5 Kd7 34. Be3 Rg8
35. Rf2 Kd8 36. fxe6 fxe6 37. Bg5 Rxg5 38. hxg5 Qh7 39. Qxh7 Rxh7 40. Rxe6 Rg7
41. g6 Kd7 42. Ref6 Ke8 43. Kf3 d4 44. Ke4 Nd7 45. Re6+ Kd8 46. Rc6 d3 47. Rf3
Nc5+ 48. Rxc5 Bxc5 49. Rxd3+ Ke8 50. Rc3 Bb4 51. Rc8+ Kd7 52. Rc6 Kd8 53. Kf5
Rb7 54. Ra6 Ke7 55. b6 Rxb6 56. Rxa7+ Kf8 57. g4 Bc3 58. Rc7 Bb2 59. Rc5 Rxb3
60. Rxa5 Rf3+ 61. Ke4 Rf1 62. Rb5 Re1+ 63. Kf5 Rf1+ 64. Ke6 Bc3 65. Rc5 Bb2 66.
Rb5 Bc3 67. Rc5 1/2-1/2

[Event "2. Bundesliga West 2011/12"]
[Site "Salzburg"]
[Date "2012.03.10"]
[Round "10"]
[Board "4"]
[White "Pitschka, Claus"]
[Black "Gatterer, Florian"]
[Result "1/2-1/2"]
[WhiteElo "2235"]
[BlackElo "2274"]
[PlyCount "72"]
[EventDate "2011.10.07"]
[EventType "team"]
[EventRounds "11"]
[EventCountry "AUT"]
[WhiteTeam "Kufstein / Woergl 2"]
[BlackTeam "Rochade Rum"]

1. d4 Nf6 2. Nf3 g6 3. Nc3 d5 4. Bf4 Bg7 5. e3 O-O 6. Be2 c5 7. Ne5 Nc6 8. Qd2
cxd4 9. exd4 e6 10. O-O Nd7 11. Nf3 a6 12. a3 Nb6 13. Bh6 Bd7 14. Bxg7 Kxg7 15.
Nd1 Na7 16. Ne3 h5 17. Ne5 Bb5 18. f4 f6 19. Nd3 Bxd3 20. Bxd3 f5 21. Rfe1 Nc6
22. c3 Nc8 23. Nf1 Qf6 24. Qe3 Re8 25. Nd2 Nd6 26. Nf3 Ne4 27. c4 dxc4 28. Bxe4
fxe4 29. Qxe4 Qf5 30. Qxf5 gxf5 31. Rad1 Kf6 32. Ne5 Red8 33. Nxc4 Nxd4 34. Nb6
Rab8 35. Kf2 Ke7 36. Rd2 Nb3 1/2-1/2

[Event "2. Bundesliga West 2011/12"]
[Site "Salzburg"]
[Date "2012.03.10"]
[Round "10"]
[Board "5"]
[White "Hengl, Christian"]
[Black "Englert, Jan"]
[Result "1-0"]
[WhiteElo "2240"]
[BlackElo "2120"]
[PlyCount "87"]
[EventDate "2011.10.07"]
[EventType "team"]
[EventRounds "11"]
[EventCountry "AUT"]
[WhiteTeam "Rochade Rum"]
[BlackTeam "Kufstein / Woergl 2"]

1. c4 d6 2. g3 e5 3. Bg2 f5 4. d3 Nf6 5. Nc3 Be7 6. e4 c6 7. Nge2 O-O 8. O-O
Qe8 9. h3 Na6 10. Be3 Be6 11. exf5 Bxf5 12. g4 Be6 13. Ng3 Qd7 14. Qe2 Bd8 15.
Rad1 Bc7 16. d4 exd4 17. Bxd4 Rae8 18. Be3 Qf7 19. b3 h6 20. Qd2 Nc5 21. Nce2
Bc8 22. Nc3 Be6 23. Nce2 Bc8 24. Qc2 a5 25. Nd4 Kh8 26. Ndf5 Bxf5 27. Nxf5 Nce4
28. Rfe1 d5 29. cxd5 cxd5 30. Qd3 Rd8 31. Bd4 Rfe8 32. Re3 Nd6 33. Rde1 Nxf5
34. Qxf5 Rxe3 35. Rxe3 Qd7 36. Qg6 Qd6 37. Be5 Qxe5 38. Rxe5 Bxe5 39. Bf1 d4
40. Bd3 Kg8 41. h4 Nd7 42. g5 Nf8 43. Bc4+ Kh8 44. Qf7 1-0

[Event "2. Bundesliga West 2011/12"]
[Site "Salzburg"]
[Date "2012.03.10"]
[Round "10"]
[Board "6"]
[White "Kranewitter, Norbert"]
[Black "Jedinger, Andreas"]
[Result "0-1"]
[WhiteElo "2097"]
[BlackElo "2191"]
[PlyCount "68"]
[EventDate "2011.10.07"]
[EventType "team"]
[EventRounds "11"]
[EventCountry "AUT"]
[WhiteTeam "Kufstein / Woergl 2"]
[BlackTeam "Rochade Rum"]

1. Nf3 c5 2. c4 Nc6 3. Nc3 e5 4. d3 g6 5. g3 Bg7 6. Bg2 Nge7 7. e4 d6 8. Bg5 f6
9. Be3 O-O 10. Qd2 Nd4 11. Nb5 Nxb5 12. cxb5 Bd7 13. a4 a6 14. b4 axb5 15. bxc5
bxa4 16. cxd6 Nc6 17. O-O Na5 18. Qa2+ Kh8 19. Qd5 Bc6 20. Qe6 Re8 21. Qa2 Nb3
22. Rad1 Qxd6 23. d4 exd4 24. Nxd4 Nxd4 25. Rxd4 Qe6 26. Qd2 Bf8 27. Rc1 a3 28.
f4 a2 29. Ra1 Qb3 30. Bf1 Bxe4 31. Rd7 Bb4 32. Qd4 Qc3 33. Bc4 Bc6 34. Rxa2
Rxa2 0-1

[Event "2. Bundesliga West 2011/12"]
[Site "Salzburg"]
[Date "2012.03.10"]
[Round "10"]
[Board "1"]
[White "Luther, Thomas"]
[Black "Hommeles, Theo"]
[Result "1-0"]
[WhiteElo "2524"]
[BlackElo "2416"]
[PlyCount "52"]
[EventDate "2011.10.07"]
[EventType "team"]
[EventRounds "11"]
[EventCountry "AUT"]
[WhiteTeam "SC Absam"]
[BlackTeam "Bregenz"]

1. e4 e5 2. Nf3 Nc6 3. Bb5 a6 4. Ba4 Nf6 5. O-O Be7 6. Re1 b5 7. Bb3 O-O 8. d3
Bb7 9. Nc3 d6 10. a4 Na5 11. axb5 Nxb3 12. cxb3 axb5 13. Rxa8 Qxa8 14. Nxb5 Rb8
15. Nc3 Bc8 16. d4 Bg4 17. dxe5 dxe5 18. h3 Bxf3 19. Qxf3 Rxb3 20. Qf5 Bd6 21.
Bg5 Ne8 22. Qd7 Rxb2 23. Bd8 Kf8 24. Nd5 Qb8 25. Nxc7 Qa8 26. Nd5 Rb8 1-0

[Event "2. Bundesliga West 2011/12"]
[Site "Salzburg"]
[Date "2012.03.10"]
[Round "10"]
[Board "2"]
[White "Weindl, Alfred"]
[Black "Rotstein, Arkadij"]
[Result "1-0"]
[WhiteElo "2339"]
[BlackElo "2502"]
[PlyCount "85"]
[EventDate "2011.10.07"]
[EventType "team"]
[EventRounds "11"]
[EventCountry "AUT"]
[WhiteTeam "Bregenz"]
[BlackTeam "SC Absam"]

1. c4 g6 2. Nc3 Bg7 3. g3 e5 4. Bg2 d6 5. e3 Nf6 6. Nge2 O-O 7. O-O c6 8. d4
Qe7 9. b4 Nbd7 10. b5 e4 11. bxc6 bxc6 12. Ba3 Re8 13. Rb1 Nb6 14. c5 dxc5 15.
Bxc5 Qc7 16. Qb3 Nbd5 17. Rfc1 Ba6 18. Nxd5 cxd5 19. Nc3 Qd7 20. Qa4 Qe6 21.
Nb5 Bxb5 22. Rxb5 Rec8 23. Rb7 Bf8 24. Bf1 a5 25. Rc2 Qc6 26. Qxc6 Rxc6 27. Bb5
Rcc8 28. a4 h5 29. h3 Nh7 30. Kf1 Ng5 31. Bd7 Rcb8 32. Rcb2 Rxb7 33. Rxb7 Nf3
34. Ke2 h4 35. gxh4 Nxh4 36. Kd1 Nf3 37. Bxf8 Kxf8 38. Bc6 Rd8 39. Rb5 f5 40.
Rxa5 Ke7 41. Rxd5 Rh8 42. Rd7+ Kf6 43. a5 1-0

[Event "2. Bundesliga West 2011/12"]
[Site "Salzburg"]
[Date "2012.03.10"]
[Round "10"]
[Board "3"]
[White "Dizdar, Goran"]
[Black "Dobosz, Henryk"]
[Result "1-0"]
[WhiteElo "2495"]
[BlackElo "2396"]
[PlyCount "56"]
[EventDate "2011.10.07"]
[EventType "team"]
[EventRounds "11"]
[EventCountry "AUT"]
[WhiteTeam "SC Absam"]
[BlackTeam "Bregenz"]

1. Nf3 g6 2. d4 Bg7 3. e4 d6 4. Bc4 Nf6 5. Qe2 O-O 6. O-O Bg4 7. e5 dxe5 8.
dxe5 Nd5 9. Qe4 Bxf3 10. Qxf3 e6 11. Qe4 Nd7 12. f4 c6 13. Qe2 f6 14. exf6 Qxf6
15. Nc3 N7b6 16. Bb3 Nxc3 17. bxc3 Nd5 18. Bd2 Rae8 19. Rf3 e5 20. fxe5 Rxe5
21. Qf2 Qe7 22. Rxf8+ Bxf8 23. Re1 Rxe1+ 24. Qxe1 Qxe1+ 25. Bxe1 Kf7 26. Kf2
Ke6 27. Kf3 Bd6 28. c4 Bf8 1-0

[Event "2. Bundesliga West 2011/12"]
[Site "Salzburg"]
[Date "2012.03.10"]
[Round "10"]
[Board "4"]
[White "Herbrechtsmeier, Christof"]
[Black "Wegerle, Joerg"]
[Result "1/2-1/2"]
[WhiteElo "2246"]
[BlackElo "2450"]
[PlyCount "61"]
[EventDate "2011.10.07"]
[EventType "team"]
[EventRounds "11"]
[EventCountry "AUT"]
[WhiteTeam "Bregenz"]
[BlackTeam "SC Absam"]

1. e4 c5 2. Nf3 e6 3. d4 cxd4 4. Nxd4 Nc6 5. Be2 Nf6 6. Nc3 Qc7 7. O-O a6 8.
Be3 Bb4 9. Nxc6 bxc6 10. Qd4 c5 11. Qc4 Bb7 12. a3 Bxc3 13. Qxc3 Nxe4 14. Qxg7
O-O-O 15. f3 Rhg8 16. Qxf7 Nd6 17. Qf4 Rdf8 18. Qa4 Nf5 19. Bf2 Rg6 20. Bxa6
Rfg8 21. Bxb7+ Kxb7 22. g4 h5 23. Qb5+ Kc8 24. Qxc5 Qxc5 25. Bxc5 hxg4 26. fxg4
Rxg4+ 27. Kh1 Rc4 28. Bf2 Rxc2 29. Rac1 Rxc1 30. Rxc1+ Kb7 31. Rc4 1/2-1/2

[Event "2. Bundesliga West 2011/12"]
[Site "Salzburg"]
[Date "2012.03.10"]
[Round "10"]
[Board "5"]
[White "Pilz, Dieter"]
[Black "Poettinger, Harald"]
[Result "1/2-1/2"]
[WhiteElo "2330"]
[BlackElo "2200"]
[PlyCount "62"]
[EventDate "2011.10.07"]
[EventType "team"]
[EventRounds "11"]
[EventCountry "AUT"]
[WhiteTeam "SC Absam"]
[BlackTeam "Bregenz"]

1. Nf3 d6 2. c4 e5 3. Nc3 f5 4. e4 Nf6 5. d3 Be7 6. Be2 O-O 7. c5 Nc6 8. cxd6
cxd6 9. Bg5 Kh8 10. Bxf6 Bxf6 11. O-O Be6 12. Rc1 Qd7 13. a3 g5 14. exf5 Bxf5
15. Ne4 g4 16. Nfd2 Be7 17. b4 Be6 18. Nb3 Rac8 19. Kh1 b6 20. f3 Bxb3 21. Qxb3
Nd4 22. Qb2 gxf3 23. Bxf3 Rxc1 24. Qxc1 Nxf3 25. gxf3 Qh3 26. Qd1 Rc8 27. Rg1
d5 28. Nf2 Qf5 29. Qe2 Rf8 30. Ng4 Bd6 31. Rg3 Qf4 1/2-1/2

[Event "2. Bundesliga West 2011/12"]
[Site "Salzburg"]
[Date "2012.03.10"]
[Round "10"]
[Board "6"]
[White "Mira, Helene"]
[Black "De Francesco, Klaus"]
[Result "0-1"]
[WhiteElo "2083"]
[BlackElo "2307"]
[PlyCount "78"]
[EventDate "2011.10.07"]
[EventType "team"]
[EventRounds "11"]
[EventCountry "AUT"]
[WhiteTeam "Bregenz"]
[BlackTeam "SC Absam"]

1. Nf3 Nf6 2. c4 e6 3. Nc3 Bb4 4. Qb3 Bxc3 5. Qxc3 d5 6. cxd5 exd5 7. d3 h6 8.
Bf4 c6 9. Be5 Nbd7 10. Bd6 Qb6 11. Rc1 c5 12. Bxc5 Nxc5 13. Qxc5 Qxb2 14. Qc2
Qxc2 15. Rxc2 Be6 16. e3 O-O 17. Be2 Rfc8 18. Kd2 Rxc2+ 19. Kxc2 Rc8+ 20. Kb2
Kf8 21. Nd4 Ke7 22. Rc1 Rxc1 23. Kxc1 Bg4 24. f3 Bd7 25. Kd2 Kd6 26. Bd1 Ne8
27. Bb3 Nc7 28. e4 b5 29. a3 a5 30. f4 Kc5 31. Nc2 dxe4 32. dxe4 Be6 33. Kc3
Bxb3 34. Kxb3 Ne6 35. g3 Nd4+ 36. Kc3 Nxc2 37. Kxc2 Kd4 38. e5 h5 39. h3 h4 0-1

[Event "2. Bundesliga West 2011/12"]
[Site "Salzburg"]
[Date "2012.03.10"]
[Round "10"]
[Board "2"]
[White "Krassowizkij, Jaroslaw"]
[Black "Fuchs, Georg"]
[Result "1-0"]
[WhiteElo "2356"]
[BlackElo "2289"]
[PlyCount "47"]
[EventDate "2011.10.07"]
[EventType "team"]
[EventRounds "11"]
[EventCountry "AUT"]
[WhiteTeam "Goetzis"]
[BlackTeam "Schwaz"]

1. c4 e5 2. g3 Nf6 3. Bg2 d5 4. cxd5 Nxd5 5. Nc3 Be6 6. Nf3 Nc6 7. O-O Nb6 8.
a3 Be7 9. b4 a6 10. d3 O-O 11. Bb2 f5 12. e4 f4 13. Ne2 fxg3 14. hxg3 Qd6 15.
d4 Nc4 16. d5 Bg4 17. Qb3 Rxf3 18. Qxc4 Na7 19. Rac1 Nb5 20. a4 Na3 21. Qxc7
Qxb4 22. Bxf3 Bxf3 23. Qxe5 Bf8 24. Rc7 1-0

[Event "2. Bundesliga West 2011/12"]
[Site "Salzburg"]
[Date "2012.03.10"]
[Round "10"]
[Board "3"]
[White "Blaas, Hansjoerg"]
[Black "Schloetzer, Waldemar"]
[Result "1/2-1/2"]
[WhiteElo "2234"]
[BlackElo "2308"]
[PlyCount "89"]
[EventDate "2011.10.07"]
[EventType "team"]
[EventRounds "11"]
[EventCountry "AUT"]
[WhiteTeam "Schwaz"]
[BlackTeam "Goetzis"]

1. e4 c6 2. d4 d5 3. e5 Bf5 4. Bd3 Bxd3 5. Qxd3 Qa5+ 6. Nc3 Qa6 7. Qh3 e6 8.
Nge2 Nd7 9. f4 g6 10. g4 c5 11. Be3 Ne7 12. O-O O-O-O 13. a3 cxd4 14. Nxd4 Nc6
15. Ncb5 Nxd4 16. Nxd4 Bc5 17. Nb3 Bb6 18. Bd4 Kb8 19. Qd3 Qc4 20. Rad1 h5 21.
g5 Rc8 22. Qxc4 Rxc4 23. c3 Rhc8 24. Rf3 a6 25. Kf2 Bxd4+ 26. Rxd4 b5 27. Ke3
Ka7 28. Kd3 Kb6 29. Kc2 a5 30. Rfd3 Nb8 31. Rd1 b4 32. Rxc4 Rxc4 33. Nd4 Nc6
34. axb4 axb4 35. Nxc6 Kxc6 36. Rd4 Kc5 37. Kd3 bxc3 38. Rxc4+ dxc4+ 39. Kxc3
Kd5 40. Kb4 Kd4 41. h4 Kd5 42. Kb5 Kd4 43. Kb4 Kd5 44. Kb5 Kd4 45. Kb4 1/2-1/2

[Event "2. Bundesliga West 2011/12"]
[Site "Salzburg"]
[Date "2012.03.10"]
[Round "10"]
[Board "4"]
[White "Kessler, Luca"]
[Black "Gruber, Michael"]
[Result "1/2-1/2"]
[WhiteElo "2247"]
[BlackElo "2125"]
[PlyCount "97"]
[EventDate "2011.10.07"]
[EventType "team"]
[EventRounds "11"]
[EventCountry "AUT"]
[WhiteTeam "Goetzis"]
[BlackTeam "Schwaz"]

1. d4 f5 2. g3 Nf6 3. Bg2 g6 4. c3 Bg7 5. Qb3 Nc6 6. Nh3 d5 7. O-O O-O 8. Nf4
e6 9. Nd2 Qe7 10. e3 Ne4 11. Nxe4 fxe4 12. Bd2 g5 13. Nh5 Na5 14. Qb4 Qxb4 15.
cxb4 Nc4 16. Bc3 Bd7 17. Nxg7 Kxg7 18. a4 g4 19. b5 a6 20. b3 Nd6 21. bxa6 Rxa6
22. Rfc1 Nf7 23. Bf1 Raa8 24. Bb4 Rfc8 25. h4 gxh3 26. Bxh3 Ng5 27. Bf1 Be8 28.
Be2 Bg6 29. Kg2 Bf5 30. g4 Bg6 31. Rc3 c6 32. a5 Nf7 33. Bc5 Rh8 34. Be7 Rae8
35. Bh4 h5 36. gxh5 Bxh5 37. Bxh5 Rxh5 38. Bg3 e5 39. a6 bxa6 40. Rxa6 exd4 41.
exd4 Ng5 42. Raxc6 Nf3 43. Rxf3 exf3+ 44. Kxf3 Re4 45. Be5+ Kf7 46. Rd6 Rh3+
47. Kg2 Rxb3 48. Rxd5 Rd3 49. Rd7+ 1/2-1/2

[Event "2. Bundesliga West 2011/12"]
[Site "Salzburg"]
[Date "2012.03.10"]
[Round "10"]
[Board "5"]
[White "Kondrak, Christof"]
[Black "Schmidlechner, Alexander"]
[Result "1/2-1/2"]
[WhiteElo "2176"]
[BlackElo "2273"]
[PlyCount "112"]
[EventDate "2011.10.07"]
[EventType "team"]
[EventRounds "11"]
[EventCountry "AUT"]
[WhiteTeam "Schwaz"]
[BlackTeam "Goetzis"]

1. d4 d5 2. Nf3 c6 3. Bf4 Bg4 4. Nbd2 Nd7 5. h3 Bh5 6. e3 e6 7. Be2 Ngf6 8. O-O
Be7 9. c4 O-O 10. c5 Bxf3 11. Nxf3 Ne4 12. Qc2 f5 13. b4 a6 14. a4 Bf6 15. Rab1
Qe7 16. b5 axb5 17. axb5 e5 18. Bh2 Ra7 19. bxc6 bxc6 20. Rb6 exd4 21. exd4 Qe6
22. Ra6 Rb7 23. Bd3 g5 24. Re1 g4 25. hxg4 fxg4 26. Bxe4 dxe4 27. Rxe4 Qf5 28.
Ne1 Rb2 29. Qc4+ Kh8 30. Rf4 Qg6 31. Rxc6 Rb1 32. Qe2 Re8 33. Re6 Rxe6 34. Qxe6
Bxd4 35. Qe7 Bc3 36. Qd8+ Qg8 37. Qxg8+ Kxg8 38. Rxg4+ Kf7 39. Bf4 Rxe1+ 40.
Kh2 Nxc5 41. Be3 Be5+ 42. g3 Nd7 43. Kg2 Nf6 44. Rh4 Kg6 45. Rh6+ Kg7 46. Rh4
Nd5 47. Re4 Nxe3+ 48. Rxe3 Rxe3 49. fxe3 Kg6 50. Kh3 Kf5 51. e4+ Kxe4 52. Kg2
h5 53. Kf2 Bf6 54. Kg2 Ke3 55. g4 h4 56. g5 Bxg5 1/2-1/2

[Event "2. Bundesliga West 2011/12"]
[Site "Salzburg"]
[Date "2012.03.10"]
[Round "10"]
[Board "6"]
[White "Kranz, Armin"]
[Black "Streiter, Gerhard"]
[Result "1-0"]
[WhiteElo "2100"]
[BlackElo "2021"]
[PlyCount "63"]
[EventDate "2011.10.07"]
[EventType "team"]
[EventRounds "11"]
[EventCountry "AUT"]
[WhiteTeam "Goetzis"]
[BlackTeam "Schwaz"]

1. d4 d5 2. Nf3 c6 3. c4 Nf6 4. e3 Bf5 5. Nc3 e6 6. Nh4 Be4 7. f3 Bg6 8. Qb3
Qc7 9. Bd2 Nbd7 10. g3 Be7 11. O-O-O O-O-O 12. Nxg6 hxg6 13. e4 dxc4 14. Bxc4
Nb6 15. Bf4 Qd7 16. Nb5 cxb5 17. Bxb5 Qxb5 18. Qxb5 Nh5 19. Be3 Kb8 20. Kb1 Rc8
21. Rc1 Rhd8 22. Rxc8+ Nxc8 23. g4 Nf6 24. Rc1 a6 25. Qc4 Ne8 26. b4 g5 27. Bf2
Ncd6 28. Bg3 Ka8 29. Bxd6 Bxd6 30. e5 Bc7 31. b5 a5 32. Qc5 1-0

[Event "2. Bundesliga West 2011/12"]
[Site "Salzburg"]
[Date "2012.03.10"]
[Round "10"]
[Board "1"]
[White "Atlas, Dmitry"]
[Black "Zelcic, Robert"]
[Result "0-1"]
[WhiteElo "2291"]
[BlackElo "2558"]
[PlyCount "72"]
[EventDate "2011.10.07"]
[EventType "team"]
[EventRounds "11"]
[EventCountry "AUT"]
[WhiteTeam "Hohenems 2"]
[BlackTeam "Schwarzach"]

1. e4 c6 2. d4 d5 3. e5 Bf5 4. Nf3 e6 5. Be2 Nd7 6. O-O h6 7. b3 Ne7 8. c4 Ng6
9. a3 Be7 10. Nc3 O-O 11. Re1 dxc4 12. bxc4 c5 13. Nb5 cxd4 14. Nbxd4 Be4 15.
Bb2 Qb6 16. Qd2 Rad8 17. Bc3 Ndxe5 18. Nxe5 Nxe5 19. Qf4 Bc5 20. Qxe4 Bxd4 21.
Bxd4 Qxd4 22. Qxb7 Rb8 23. Qa6 Rb2 24. c5 Ng4 25. Rf1 Nxf2 26. Rxf2 Rxe2 27.
Qxe2 Qxa1+ 28. Rf1 Qd4+ 29. Qf2 Qc4 30. Qe3 Rd8 31. Rc1 Qa4 32. c6 Rd1+ 33. Kf2
Qh4+ 34. Kf3 Qf6+ 35. Kg3 Qg6+ 36. Kf2 Qf5+ 0-1

[Event "2. Bundesliga West 2011/12"]
[Site "Salzburg"]
[Date "2012.03.10"]
[Round "10"]
[Board "2"]
[White "Krstic, Uros"]
[Black "Gaertner, Guntram"]
[Result "1-0"]
[WhiteElo "2459"]
[BlackElo "2324"]
[PlyCount "97"]
[EventDate "2011.10.07"]
[EventType "team"]
[EventRounds "11"]
[EventCountry "AUT"]
[WhiteTeam "Schwarzach"]
[BlackTeam "Hohenems 2"]

1. e4 c6 2. d4 d5 3. Nd2 dxe4 4. Nxe4 Bf5 5. Ng3 Bg6 6. h4 h6 7. Nf3 Nd7 8. h5
Bh7 9. Bd3 Bxd3 10. Qxd3 e6 11. Bd2 Ngf6 12. O-O-O Qc7 13. Ne4 O-O-O 14. g3 Nc5
15. Nxc5 Bxc5 16. c4 Qe7 17. a3 Rhe8 18. Bc3 Bd6 19. Qe2 Qc7 20. Kb1 Kb8 21.
Ne5 Ka8 22. f4 b5 23. cxb5 Bxe5 24. dxe5 Rxd1+ 25. Rxd1 Nd5 26. Rc1 cxb5 27.
Qxb5 Rb8 28. Qd3 Rb3 29. Ka2 Qb7 30. Qc2 Nxc3+ 31. bxc3 Rb6 32. Rd1 Qc7 33.
Qe4+ Kb8 34. Qd4 Kc8 35. Rd3 Rc6 36. Kb3 Qb6+ 37. Kc2 Qxd4 38. Rxd4 Ra6 39. a4
Rb6 40. Rc4+ Kd7 41. Rb4 Kc6 42. Rxb6+ Kxb6 43. g4 Kc5 44. Kd3 Kd5 45. c4+ Kc5
46. Kc3 a5 47. Kd3 Kb4 48. Kd4 Kxa4 49. Kc3 1-0

[Event "2. Bundesliga West 2011/12"]
[Site "Salzburg"]
[Date "2012.03.10"]
[Round "10"]
[Board "3"]
[White "Burschowsky, Matthias"]
[Black "Brumen, Dinko"]
[Result "0-1"]
[WhiteElo "2229"]
[BlackElo "2347"]
[PlyCount "68"]
[EventDate "2011.10.07"]
[EventType "team"]
[EventRounds "11"]
[EventCountry "AUT"]
[WhiteTeam "Hohenems 2"]
[BlackTeam "Schwarzach"]

1. d4 d5 2. c4 e6 3. Nf3 Nf6 4. g3 Be7 5. Bg2 O-O 6. O-O dxc4 7. Qc2 a6 8. a4
Bd7 9. Qxc4 Bc6 10. Bg5 Bd5 11. Qd3 Be4 12. Qc4 Nc6 13. Nc3 Na5 14. Qa2 Bxf3
15. Bxf3 Qxd4 16. Ne4 Nd5 17. Rfd1 Qb6 18. Rxd5 exd5 19. Bxe7 dxe4 20. Bxf8
exf3 21. Ba3 Nb3 22. Re1 fxe2 23. Qb1 Nd4 24. Qe4 c5 25. Kg2 Rd8 26. f3 Qc7 27.
Rc1 f5 28. Qe3 Qc6 29. Bxc5 e1=Q 30. Qxe1 Nxf3 31. Qe7 Rd2+ 32. Bf2 Ne1+ 33.
Kh3 Qg2+ 34. Kh4 Nf3+ 0-1

[Event "2. Bundesliga West 2011/12"]
[Site "Salzburg"]
[Date "2012.03.10"]
[Round "10"]
[Board "4"]
[White "Hecht, Hans-Joachim"]
[Black "Sandholzer, Robert"]
[Result "1/2-1/2"]
[WhiteElo "2383"]
[BlackElo "2158"]
[PlyCount "59"]
[EventDate "2011.10.07"]
[EventType "team"]
[EventRounds "11"]
[EventCountry "AUT"]
[WhiteTeam "Schwarzach"]
[BlackTeam "Hohenems 2"]

1. d4 d5 2. c4 e6 3. Nc3 c6 4. Nf3 Nf6 5. e3 a6 6. Qc2 c5 7. cxd5 exd5 8. Be2
Nc6 9. O-O Be6 10. Rd1 Nb4 11. Qb1 Qc8 12. e4 dxe4 13. Ng5 Bf5 14. Ngxe4 Nxe4
15. Nxe4 cxd4 16. Bd3 Nxd3 17. Qxd3 Be7 18. Qxd4 O-O 19. Nd6 Bxd6 20. Qxd6 Rd8
21. Qxd8+ Qxd8 22. Rxd8+ Rxd8 23. Be3 Bc2 24. f3 Rd1+ 25. Rxd1 Bxd1 26. Kf2 Ba4
27. h4 Kf8 28. Bc5+ Ke8 29. Ke3 Kd7 30. Bf8 1/2-1/2

[Event "2. Bundesliga West 2011/12"]
[Site "Salzburg"]
[Date "2012.03.10"]
[Round "10"]
[Board "5"]
[White "Jedlicka, Robert"]
[Black "Ljubic, Juro"]
[Result "1-0"]
[WhiteElo "1977"]
[BlackElo "2190"]
[PlyCount "65"]
[EventDate "2011.10.07"]
[EventType "team"]
[EventRounds "11"]
[EventCountry "AUT"]
[WhiteTeam "Hohenems 2"]
[BlackTeam "Schwarzach"]

1. d4 Nf6 2. c4 e6 3. Nf3 Bb4+ 4. Nbd2 O-O 5. a3 Bxd2+ 6. Qxd2 a5 7. e3 b6 8.
Bd3 Bb7 9. Qc2 d5 10. b3 Nbd7 11. c5 bxc5 12. dxc5 c6 13. Bb2 Qe7 14. b4 e5 15.
Be2 Ne4 16. O-O Ng5 17. Nxg5 Qxg5 18. f4 Qe7 19. e4 dxe4 20. fxe5 Nxe5 21. Qxe4
Ng6 22. Qd4 f6 23. Bc4+ Kh8 24. Rfe1 Qc7 25. Qd6 Qxd6 26. cxd6 Rfd8 27. Re6 h6
28. Rd1 axb4 29. axb4 Ba6 30. Bxa6 Rxa6 31. Rxf6 Ra2 32. Bd4 Nh4 33. Rxh6+ 1-0